000 00857 a2200229 4500
005 20260313122733.0
008 260313b |||||||| |||| 00| 0 eng d
020 _a9789381997772 (hbk)
037 _cTB
040 _aCRL
_cCRL
041 _2hin
_ahin
084 _aO152,1M89,18 Q8
_qCRL
100 _aप्रसाद, जयशंकर
_9862054
245 _aकामायनी
260 _aदिल्ली, भारत:
_bअनन्य प्रकाशन,
_c2018.
300 _a128पृ.
365 _b300.00
_cINR
650 _aहिन्दी कविता
650 _aहिन्दी साहित्य
942 _cTB
_2CC
_hO152,1M89,18 Q8
999 _c1466975
_d1466975